| 000 | 00870nam a2200229 i 4500 | ||
|---|---|---|---|
| 001 | 16770 | ||
| 003 | ES-MaACL | ||
| 005 | 20230906151407.0 | ||
| 007 | t| | ||
| 008 | 001103s1987 sp ||||1| spa d | ||
| 080 | _a684(064.3) | ||
| 245 | 0 | 0 |
_aSIDI, selección de diseño _b: [exposición realizada por SIDI, Salón Internacional del Equipamiento para el Habitat]. |
| 260 |
_a[Zamora] : _bCaja de Zamora, _c[1987] |
||
| 300 |
_a[24] p. : _bil. ; _c30 cm. |
||
| 500 | _aExposición realizada en la Sala de Exposiciones de Caja de Zamora, del 3 de diciembre de 1987 al 6 de enero de 1988. | ||
| 650 | 1 | 4 |
_aMuebles- _xDiseño- _vExposiciones. _915237 |
| 655 | 7 |
_2tgfbne _9193628 _aCatálogos de exposiciones |
|
| 710 | 2 |
_aCaja de Ahorros Provincial de Zamora. _92314 |
|
| 852 |
_aES-MaACL _j2155-F-6 _bR.114738 |
||
| 942 | _2udc | ||
| 999 |
_c16770 _d16770 |
||